| 000 | 01175nam a2200217Ia 4500 | ||
|---|---|---|---|
| 003 | Ost | ||
| 005 | 20260507075735.0 | ||
| 008 | 260507s9999||||xx |||||||||||||| ||und|| | ||
| 040 | _cfsecg | ||
| 041 | _aara | ||
| 082 | _a381.142 | ||
| 100 |
_aحجازي، عبد الفتاح بيومي _eمؤلف |
||
| 245 | 0 |
_aمقدمة في التجارة الالكترونية العربية : _bشرح قانون المبادلات والتجارة الالكتروني التونسي / _c عبد الفتاح بيومي حجازي |
|
| 260 |
_aالاسكندرية: _bدار الفكر الجامعي, _c2003 |
||
| 300 |
_a316 صفحة؛ _c25 سم |
||
| 504 | _aببلوغرافيا: ص.293 ملحق ص.299 | ||
| 520 | _aالأحكام العامة للتجارة الالكترونية في تونس،المصادقة الالكترونية على المعاملات،المعاملات التجارية الإلكترونية،حماية المعطيات الشخصية،الحماية الجنائية للتجارة الإلكترونية في القانون التونسي | ||
| 653 | _aالتجارة الالكترونية | ||
| 653 | _aتونس | ||
| 942 | _cكتاب | ||
| 999 |
_c46080 _d46080 |
||